|
|
|
|
| LEADER |
00000nam a2200000 a 4500 |
| 001 |
vtls009735421 |
| 003 |
SK-MaSNL |
| 005 |
20260301222831.0 |
| 008 |
240318 1761 hu 010 0 lat |
| 035 |
|
|
|a (SVKBBclas03)vtls000214365
|
| 040 |
|
|
|a SNK
|b slo
|c SNK
|e AACR2
|
| 041 |
0 |
|
|a lat
|
| 080 |
|
|
|a 282
|2 1981
|
| 100 |
1 |
|
|a Köszeghi, Stanislaus
|4 aut
|9 612991
|
| 245 |
1 |
0 |
|a Institutiones Theologicae
|c R. Patris Stanislai Köszeghi A Divo Stephano Rege Clerici Regularis Scholarum Piarum Ad Usum Venerab. Seminarii Cleri Dioecesis Veszprimiensis Editae
|
| 246 |
0 |
5 |
|a Institutionum Theologicarum
|n Tomi I.
|n Pars I.
|n & II.
|
| 246 |
0 |
8 |
|a Institution. Theologic.
|n Tom. I.
|n Pars I.
|n & II.
|
| 260 |
|
|
|a Agriae
|b Typis Car. Jos. Bauer, Typogr. Episc.
|c 1761
|
| 300 |
|
|
|a [16], 496 s.
|c 8° (18x11 cm)
|
| 500 |
|
|
|a Rukopisný provenienčný záznam na titulnej strane: Bibliothecae Seminarii Eppalis Neosol. Pečiatka knižnice banskobystrického biskupského seminára.
|
| 541 |
|
|
|c v správe ŠVK Banská Bystrica
|f Rímskokatolícky biskupský úrad Banská Bystrica
|
| 546 |
|
|
|a Latinčina
|b Antikva
|b Kurzíva
|
| 561 |
|
|
|a Knižnica banskobystrického biskupského seminára
|5 ŠVKBB
|
| 561 |
|
|
|a Miestny odbor Matice slovenskej, Bratislava
|5 ŠVKBB
|
| 561 |
|
|
|a [Slovenská národná knižnica v Matici slovenskej, Martin]
|5 ŠVKBB
|
| 610 |
2 |
7 |
|a Rímskokatolícka cirkev
|2 hŠVKBB
|9 32394
|
| 650 |
0 |
7 |
|a teológia
|x základy
|2 hŠVKBB
|9 477315
|
| 700 |
1 |
|
|a Bauer, Karol Jozef,
|d činný 18. storočie
|9 205079
|
| 852 |
|
|
|a študovňa historických knižných fondov
|b Seminárna knižnica
|
| 958 |
|
|
|a ONDV
|
| 999 |
|
|
|c 941213
|d 943143
|
| 952 |
|
|
|a SNK
|b SNK
|y PREZ
|7 0
|p 17X09735421003
|o snkSD 51524/1/1-2 D2
|i snkF 395/85
|8 5
|3 rekatalogizácia
|0 0
|1 0
|4 0
|d 2011-10-03
|l 0
|r 2026-02-24 09:18:37
|w 2026-02-24
|
| 952 |
|
|
|a SNK
|b SNK
|y PREZ
|7 0
|p 17A0709762
|o snkSD 51524/1/1-2 D1
|i snkF 2354/82
|8 5
|3 rekatalogizácia
|0 0
|1 0
|4 0
|d 2011-10-03
|l 0
|r 2026-02-24 09:18:37
|w 2026-02-24
|